[Event "FRA-ch Blitz Online Qual"]
[Site "Europe Echecs INT"]
[Date "2020.05.16"]
[Round "14"]
[White "Coutton, Aurelien"]
[Black "Auribault, Louis"]
[Result "0-1"]
[WhiteElo "1211"]
[BlackElo "1618"]
[PlyCount "146"]
[EventDate "2020.05.16"]
[EventType "swiss (blitz)"]
[EventRounds "15"]
[EventCountry "FRA"]
[SourceTitle "CBM 196 Extra"]
[Source "ChessBase"]
[SourceDate "2020.07.31"]
[SourceVersion "1"]
[SourceVersionDate "2020.07.31"]
[SourceQuality "1"]

1. d4 Nf6 2. c4 g6 3. Nc3 Bg7 4. e4 d6 5. Nf3 0-0 6. Be2 e5 7. 0-0 Nc6 8. d5 Ne7 9. b4 Nd7 10. Nd2 f5 11. Ba3 f4 12. f3 h5 13. c5 g5 14. cxd6 cxd6 15. b5 Nf6 16. Nc4 g4 17. Nxd6 g3 18. h3 Bd7 19. Nxb7 Qc7 20. Bxe7 Rfe8 21. Bxf6 Bxf6 22. Nd6 Qxd6 23. Qb3 Kh8 24. Rac1 Rg8 25. a4 Bxh3 26. gxh3 g2 27. Rf2 Qd7 28. Rxg2 Rxg2+ 29. Kxg2 Rg8+ 30. Kh2 Bh4 31. Rg1 Bg3+ 32. Kg2 Be1+ 33. Kf1 Qxh3+ 34. Kxe1 Rxg1+ 35. Kd2 Qg3 36. Kd3 Qf2 37. Nd1 Qd4+ 38. Kc2 h4 39. Qc3 Qxc3+ 40. Kxc3 h3 41. d6 h2 42. Nf2 Rg6 43. d7 Rd6 44. Bf1 Rxd7 45. Bg2 Rg7 46. Ng4 Rg5 47. Bh1 Kg7 48. Kc4 Kf7 49. Kd5 Ke7 50. Nf2 Rg1 51. Kxe5 Rf1 52. Ng4 Rxh1 53. Nxh2 Rxh2 54. a5 Rb2 55. b6 axb6 56. a6 Ra2 57. Kxf4 Rxa6 58. e5 Ke6 59. Ke4 Ra4+ 60. Ke3 Kxe5 61. f4+ Rxf4 62. Ke2 b5 63. Ke3 b4 64. Ke2 b3 65. Kd3 b2 66. Kc2 Rf2+ 67. Kb3 b1Q+ 68. Kc3 Rc2+ 69. Kd3 Qd1+ 70. Ke3 Re2+ 71. Kf3 Qf1+ 72. Kg3 Rg2+ 73. Kh3 Qh1# 0-1

[Event "FRA-ch Blitz Online Qual"]
[Site "Europe Echecs INT"]
[Date "2020.05.16"]
[Round "10"]
[White "Coutton, Aurelien"]
[Black "Mallevaey, Guillaume"]
[Result "0-1"]
[WhiteElo "1211"]
[BlackElo "1823"]
[PlyCount "26"]
[EventDate "2020.05.16"]
[EventType "swiss (blitz)"]
[EventRounds "15"]
[EventCountry "FRA"]
[SourceTitle "CBM 196 Extra"]
[Source "ChessBase"]
[SourceDate "2020.07.31"]
[SourceVersion "1"]
[SourceVersionDate "2020.07.31"]
[SourceQuality "1"]

1. d4 d5 2. c4 c6 3. Nf3 Nf6 4. Nc3 dxc4 5. a4 Bf5 6. Bf4 e6 7. e3 Bb4 8. Bxc4 0-0 9. Qb3 Qe7 10. 0-0 Nbd7 11. Na2 a5 12. Nxb4 axb4 13. Qxb4 Qxb4 0-1

[Event "FRA-ch Blitz Online Qual"]
[Site "Europe Echecs INT"]
[Date "2020.05.16"]
[Round "8"]
[White "Coutton, Aurelien"]
[Black "Muller, Patrick"]
[Result "1-0"]
[WhiteElo "1211"]
[BlackElo "1582"]
[PlyCount "61"]
[EventDate "2020.05.16"]
[EventType "swiss (blitz)"]
[EventRounds "15"]
[EventCountry "FRA"]
[SourceTitle "CBM 196 Extra"]
[Source "ChessBase"]
[SourceDate "2020.07.31"]
[SourceVersion "1"]
[SourceVersionDate "2020.07.31"]
[SourceQuality "1"]

1. d4 d5 2. c4 e6 3. Nf3 Nf6 4. Nc3 Bd6 5. Bg5 Nbd7 6. e3 c6 7. Bd3 h6 8. Bh4 Qc7 9. Rc1 Qb8 10. 0-0 0-0 11. Qe2 Nh7 12. Qc2 f5 13. Rfe1 Ndf6 14. Ne5 Bxe5 15. dxe5 Qxe5 16. cxd5 Nxd5 17. Nxd5 exd5 18. Bg3 Qf6 19. Bc7 Bd7 20. Ba5 Ng5 21. Bc3 Qf7 22. b3 a6 23. h4 Ne4 24. Bb2 Qg6 25. f3 Ng3 26. Qc3 Nh5 27. e4 fxe4 28. fxe4 dxe4 29. Bxe4 Qg3 30. Bf3 Nf6 31. Re7 1-0

[Event "FRA-ch Blitz Online Qual"]
[Site "Europe Echecs INT"]
[Date "2020.05.16"]
[Round "7"]
[White "Muller, Lorelei"]
[Black "Coutton, Aurelien"]
[Result "0-1"]
[WhiteElo "1541"]
[BlackElo "1211"]
[PlyCount "66"]
[EventDate "2020.05.16"]
[EventType "swiss (blitz)"]
[EventRounds "15"]
[EventCountry "FRA"]
[SourceTitle "CBM 196 Extra"]
[Source "ChessBase"]
[SourceDate "2020.07.31"]
[SourceVersion "1"]
[SourceVersionDate "2020.07.31"]
[SourceQuality "1"]

1. e4 c5 2. Nf3 d6 3. d4 cxd4 4. Nxd4 Nf6 5. Nc3 a6 6. a3 e5 7. Nb3 Be7 8. Be3 0-0 9. f3 Be6 10. Bd3 Nbd7 11. 0-0 Rc8 12. Nd2 d5 13. exd5 Nxd5 14. Nxd5 Bxd5 15. Be4 Bxe4 16. Nxe4 Nc5 17. Nxc5 Bxc5 18. Bxc5 Rxc5 19. Qxd8 Rxd8 20. Rf2 Kf8 21. Re1 f6 22. c3 Rb5 23. Kf1 Ke7 24. Rc2 Ke6 25. Ke2 Rbd5 26. h3 Kf5 27. c4 Rd4 28. c5 Rc8 29. b4 e4 30. Rc3 Re8 31. Rf1 exf3+ 32. Kxf3 Rf4+ 33. Kg3 Rxf1 0-1